1853 1191 1365 1921 1660 1364 1826 1580 1404 1498 1327 1753 1999 1391 1640 1847 1259 1631 1808 1168 1767 1196 1974 1030 1034 1064 1895 1710 1688 1864 1027 1822 1747 1913 1002 1021 1613 1362 1993 1965 1922 1389 1847 1709 1200 1863 1281 1515 1136 1582 1508 1909 1821 1708 1665 1841 1701 1403 1328 1081 1684 1755 1628 1995 1697 1903 1180 1325 1082 1815 1704 1333 1885 1953 1849 1740 1978 1499 1765 1370 1069 1666 1083 1250 1023 1913 1720 1132 1983 1817 1118 1364 1052 1703 1355 1279 1344 1674 1937 BCNSPRNW ULIB Ver.6.0+V

เปลี่ยนเป็นภาษาไทย

Change to English
 แสดงรายละเอียดบรรณานุกรม
  กลับหน้าหลัก

Brief Record : Get Marc (ISO 2709) : E-mail record : QR code < ปิดหน้าต่าง
LEADER : 00000nam 2200000uu 4500
001    13399122026
003     ULIB
008    121220s2549||||th 000 0 tha d
020    ^a9741106608
060 04 ^aWG140^bย12E 2549
100 0  ^aยงยุทธ สหัสกุล
245 10 ^aECG ทางคลินิก /^cยงยุทธ สหัสกุล
250    ^aพิมพ์ครั้งที่ 2 (รุ่นที่3)
260    ^aกรุงเทพฯ :^bงานตำราวารสารและสิ่งพิมพ์สถานเทคโนโลยีการศึกษาแพทยศาสตร์ คณะแพทยศาสตร์ศิริราชพยาบาลมหาวิทยาลัยมหิดล,^c2549
300    ^a104 หน้า :^bภาพประกอบ ;^c27 ซม.
650  7 ^aการบันทึกคลื่นไฟฟ้าหัวใจ
653    ^aผลงานอาจารย์คณะแพทยศาสตร์ศิริราชพยาบาล
710 2  ^aมหาวิทยาลัยมหิดล. ^bคณะแพทยศาสตร์ศิริราชพยาบาล.^bสถานเทคโนโลยีการศึกษาแพทยศาสตร์
945    ^p0^l0^i14123
945    ^p0^l0^i14541
995    ^aกัณชพร
999 ^a ใช้งานได้ทุกระบบ
รายการนี้ยังไม่มีแท็ก
คุณยังไม่ได้ล็อกอิน คุณสามารถมีกิจกรรมร่วมกับเว็บไซต์ได้ แต่ต้องล็อกอินก่อน ::
  ล็อกอิน

รายการสื่อสารสนเทศ

ลำดับที่ ประเภท เลขเรียก/บาร์โค้ด สถานที่ สถานะ
1. วิทยาศาสตร์การแพทย์ และสุขภาพ
วิทยาศาสตร์การแพทย์ และสุขภาพ
WG140 ย12E 2549  
  Barcode: 14123
ห้องสมุดวิทยาเขตสวรรค์ประชารักษ์
►หนังสือทั่วไป
บนชั้น
2. วิทยาศาสตร์การแพทย์ และสุขภาพ
วิทยาศาสตร์การแพทย์ และสุขภาพ
WG140 ย12E 2549 ฉ.2 
  Barcode: 14541
ห้องสมุดวิทยาเขตสวรรค์ประชารักษ์
►หนังสือทั่วไป
บนชั้น

รายการใกล้เคียง
    ผู้แต่ง [ยงยุทธ สหัสกุล]

    หัวเรื่อง [การบันทึกคลื่นไฟฟ้าหัวใจ]

BibComment


ยังไม่เคยถูกคอมเมนท์

คอมเมนท์ทรัพยากรรายการนี้
  คอมเมนท์: ECG ทางคลินิก ย..


 Copyright 2026. Bcnsprnw @Library